LIBRARY & INFORMATION CENTRE, KCAET, TAVANUR

ONLINE PUBLIC ACCESS CATALOGUE (OPAC)

Democracy,is not Enough: A personal survey of the hungry world / (Record no. 12472)

MARC details
000 -LEADER
fixed length control field 00408cam a2200145ua 4500
041 ## - LANGUAGE CODE
Language code of text/sound track or separate title eng
082 ## - DEWEY DECIMAL CLASSIFICATION NUMBER
Classification number 321.4
Item number SCO/DE
100 ## - MAIN ENTRY--AUTHOR NAME
Personal name Scoot, John .
245 ## - TITLE STATEMENT
Title Democracy,is not Enough: A personal survey of the hungry world /
260 ## - PUBLICATION, DISTRIBUTION, ETC. (IMPRINT)
Place of publication New York :
Name of publisher Harcourt, Brace and Company ,
Year of publication 1960.
300 ## - PHYSICAL DESCRIPTION
Number of Pages 186 ; .
942 ## - ADDED ENTRY ELEMENTS (KOHA)
Koha item type Books
Holdings
Withdrawn status Lost status Damaged status Home library Current library Date acquired Full call number Accession Number Koha item type
Withdrawn     KAUAET Sanskrit University 07/04/2012 321.4 656 Books
free website counter